=LDR 00000nam 2200000 4500 =001 INLIS000000000008000 =005 20200428092600 =035 ##$$a 0010-061300000008000 =008 200428################g##########0#ind## =041 ##$$a Ind =082 ##$$a 2x0.33 =090 ##$$a 2x0.33, Fah m =100 ##$$a Alcardawi, yusuf =245 1#$$a Mencari kurnia Allah /$c Yusuf al-cardawi; Penerjemah, Fachruddin HS =260 ##$$a Jakarta :$b Rineka cipta,$c 1992 =300 ##$$a 57 hlm ; $c 14,5 x 19,5 cm =650 #4$$a Al-quran =020 ##$$a 979-518-348-6 =084 ##$$a 2x0.33 ALC m =250 ##$$a Cet. 2 =990 ##$$a 128.502/Pro.98 =990 ##$$a 128.503/Pro.98 =990 ##$$a 128.504/Pro.98 =990 ##$$a 128.502/Pro.98 =990 ##$$a 128.503/Pro.98 =990 ##$$a 128.504/Pro.98 =990 ##$$a 03360336 =990 ##$$a 81. 344/Pro- 95 =990 ##$$a 128.502/Pro.98 =990 ##$$a 128.503/Pro.98 =990 ##$$a 128.504/Pro.98 =990 ##$$a 1200300187 =990 ##$$a 128.502/Pro.98 =990 ##$$a 128.503/Pro.98 =990 ##$$a 128.504/Pro.98 =990 ##$$a 81. 344/Pro- 95 =990 ##$$a 128.502/Pro.98 =990 ##$$a 128.503/Pro.98 =990 ##$$a 128.504/Pro.98 =990 ##$$a 1200300187 =990 ##$$a 81. 344/Pro- 95